000 00447cam a2200169ua 4500
020 _a81 85116 202
_c220.00
041 _aeng
_h
082 _a631.8
_bTAN/FE
100 _aTanden, H L S .
245 _aFertiliser marketing systems in India /
_cH L S Tanden.
_hTextual Documents
260 _aNewdelhi :
_bFertiliser development ,
_c1992.
300 _a134 ; .
365 _a220.00
504 _a
942 _cBK
999 _c2685
_d2685